000 00558nam a2200229Ia 4500
003 OSt
005 20220924135310.0
006 a|||||r|||| 00| 0
007 ta
008 220923b |||||||| |||| 00| 0 ben d
024 _a290439
037 _cTextual
040 _aARTS
_cARTS
_bben
041 _2ben
_aben
082 _aO111,3N02,1, 157J9
100 _aMukta
_9210024
245 0 _aStynebeck
260 _c1959
650 _aENGLISH LITERATURE
942 _hO111,3N02,1, 157J9
_cTEXL
_2CC
999 _c440215
_d440215